01180nam a2200253Ia 4500003000400000005001700004008004100021020001500062040002100077041000800098082002600106100004300132245016000175260005700335300008600392490003900478504003800517505019700555650002000752650003300772650003000805700004300835700004800878OSt20210504132720.0210310s1994 ck aob gr 000 0 spa d a9589571301 aCO-JMCRcCO-JMCR0 aspa04a334.0919 /bP649c2231 aPineda Suárez, Carlos Julio, eautor10aCooperativismo mundial 150 años : b1844-1994 / cCarlos Julio Pineda Suárez, Martha Elvira Castillo Soto, Edith Esperanza Pardo Martínez [y 1 más] aBogotá : bConsultamérica Grupo Asesores, c1994 a400 páginas : bilustraciones,fotografías y mapas a blanco y negro ; c25 cm.0 vColección empresa y tecnología aBibliografía: páginas 391-3950 aOrígenes del cooperativismo -- Desarrollo del Cooperativismo Internacional -- Integración Cooperativa Internacional, Organismos y Agencias de Cooperación -- El Cooperativismo Colombiano14aCooperativismo 24aCooperativismo internacional24aCooperativismo colombiano1 aCastillo Soto, Martha Elvira, eautora1 aPardo Martínez, Edith Esperanza, eautora